[Event "IMSA Elite Mind Games (Blitz)"]
[Site "Huai'an CHN"]
[Date "2016.03.01"]
[EventDate "2016.02.28"]
[Round "25.5"]
[Result "1-0"]
[White "Wang Yue"]
[Black "Wang Hao"]
[WhiteElo "2718"]
[BlackElo "2717"]
[PlyCount "75"]

1. d4 d5 2. c4 e6 3. Nf3 Nf6 4. g3 Bb4+ 5. Bd2 Be7 6. Bg2 c6
7. O-O O-O 8. Qc2 b6 9. Rd1 Ba6 10. b3 Nbd7 11. a4 Rc8 12. a5
c5 13. axb6 Qxb6 14. Qa2 Bb7 15. Ba5 Qa6 16. Qb2 dxc4 17. bxc4
Bxf3 18. Bxf3 cxd4 19. Bd8 Qd6 20. Bxe7 Qxe7 21. Rxa7 Qc5
22. Qxd4 Ne5 23. Qxc5 Rxc5 24. Na3 g5 25. Rd4 Rb8 26. Kg2 g4
27. Be4 Rb2 28. Bd3 Kg7 29. Rf4 Nxd3 30. exd3 e5 31. Rxf6 Kxf6
32. Nb5 Rc6 33. Nc3 Kg6 34. Nd5 Rd2 35. Ne7+ Kf6 36. Nxc6 Rxd3
37. Nb4 Rd4 38. Rc7 1-0

[Event "IMSA Elite Mind Games (Blitz)"]
[Site "Huai'an CHN"]
[Date "2016.03.01"]
[EventDate "2016.02.28"]
[Round "26.5"]
[Result "1-0"]
[White "Wang Hao"]
[Black "Vassily Ivanchuk"]
[WhiteElo "2717"]
[BlackElo "2710"]
[PlyCount "142"]

1. d4 e6 2. e4 d5 3. Nc3 Bb4 4. e5 c5 5. a3 Bxc3+ 6. bxc3 Qa5
7. Bd2 Qa4 8. Qb1 c4 9. Ne2 Nc6 10. Nf4 Nge7 11. Nh5 Rg8
12. g3 Bd7 13. Bh3 O-O-O 14. O-O Kb8 15. Re1 Rc8 16. Re3 Rc7
17. Rf3 Be8 18. Qd1 h6 19. Re3 Nd8 20. f4 Rc6 21. g4 Bd7
22. Ng3 g6 23. Bg2 Rb6 24. Qc1 Bc8 25. Nf1 Qe8 26. Rh3 Qf8
27. Ne3 Bd7 28. a4 Ra6 29. Qb2 Nec6 30. Kh1 Rh8 31. f5 gxf5
32. gxf5 h5 33. f6 Rb6 34. Qc1 Ra6 35. Qe1 Ka8 36. Rg3 Nb8
37. Rg7 Rxa4 38. Rxa4 Bxa4 39. Qa1 Bc6 40. Bc1 Na6 41. Ba3 Qe8
42. Bf3 Nc7 43. Bd6 Qd7 44. Be7 Ne8 45. Rg2 Bb5 46. Rg5 Nc6
47. Ba3 h4 48. Qg1 a6 49. h3 Ka7 50. Kh2 Qc7 51. Kh1 Qa5
52. Bb2 Qa2 53. Qc1 Kb8 54. Ba3 Kc8 55. Bh5 Rh7 56. Bf3 Kd7
57. Rg8 Ba4 58. Rf8 b5 59. Ng2 Bxc2 60. Nf4 Be4 61. Bxe4 dxe4
62. d5 Nxe5 63. dxe6+ fxe6 64. Qg1 Qd2 65. Bc1 Qd6 66. Rg8
Nxf6 67. Qa7+ Qc7 68. Qd4+ Kc6 69. Nxe6 Qd7 70. Qc5+ Kb7
71. Nd8+ Ka8 1-0

[Event "IMSA Elite Mind Games (Blitz)"]
[Site "Huai'an CHN"]
[Date "2016.03.01"]
[EventDate "2016.02.28"]
[Round "27.4"]
[Result "0-1"]
[White "Rauf Mamedov"]
[Black "Wang Hao"]
[WhiteElo "2650"]
[BlackElo "2717"]
[PlyCount "92"]

1. g3 d5 2. Bg2 Nf6 3. d3 e5 4. Nd2 c6 5. e4 dxe4 6. dxe4 Be7
7. Ngf3 Nbd7 8. O-O O-O 9. b3 Qc7 10. Bb2 Re8 11. Qe2 Bf8
12. Nh4 Nc5 13. Nf5 g6 14. Ne3 Ne6 15. Nf3 Nd7 16. Rad1 f6
17. h4 h5 18. a4 a5 19. Nc4 b6 20. Qe3 Ba6 21. Nfd2 b5
22. axb5 cxb5 23. Na3 Bxa3 24. Bxa3 b4 25. Bb2 Bxf1 26. Bxf1
Qxc2 27. Rb1 Rac8 28. Bd3 Qc7 29. Qh6 Ndf8 30. Bc4 Qg7 31. Qe3
Kh7 32. Nf3 a4 33. Qb6 a3 34. Ba1 Qe7 35. Rd1 Red8 36. Rd5 Rb8
37. Qc6 Rdc8 38. Qa6 Nc7 39. Qa5 Nxd5 40. Qxd5 Rxc4 41. Qxc4
Rd8 42. Kg2 Rd1 43. Bxe5 fxe5 44. Ng5+ Kg7 45. Qe2 Rd6 46. f4
Rf6 0-1

[Event "IMSA Elite Mind Games (Blitz)"]
[Site "Huai'an CHN"]
[Date "2016.03.01"]
[EventDate "2016.02.28"]
[Round "28.6"]
[Result "1-0"]
[White "Wang Hao"]
[Black "Ruslan Ponomariov"]
[WhiteElo "2717"]
[BlackElo "2712"]
[PlyCount "175"]

1. d4 d5 2. c4 dxc4 3. Nf3 a6 4. e3 b5 5. a4 Bb7 6. axb5 axb5
7. Rxa8 Bxa8 8. b3 e6 9. bxc4 bxc4 10. Bxc4 Nf6 11. O-O Nbd7
12. Nc3 Be7 13. Qd3 c5 14. d5 exd5 15. Nxd5 Nxd5 16. Bxd5 Bxd5
17. Qxd5 O-O 18. Bb2 Nf6 19. Qe5 Re8 20. h3 Bf8 21. Qc3 Ne4
22. Qc2 Qc7 23. Rc1 h6 24. Qc4 Qd6 25. Ra1 Nd2 26. Nxd2 Qxd2
27. Qc3 Qxc3 28. Bxc3 f6 29. Kf1 Kf7 30. Ke2 Rd8 31. Ra6 h5
32. h4 Be7 33. g3 Rd7 34. e4 Rb7 35. Ra1 Ke6 36. Kd3 Rd7+
37. Kc4 g6 38. f4 Kf7 39. Ra6 Rd1 40. e5 fxe5 41. fxe5 g5
42. e6+ Kg6 43. Ra7 Bf6 44. e7 Bxe7 45. Rxe7 gxh4 46. gxh4 Kf5
47. Re5+ Kg4 48. Be1 Rc1+ 49. Kd3 Kh3 50. Re4 Ra1 51. Ke2 Ra2+
52. Kf3 Rc2 53. Re3 Rc4 54. Bf2 Ra4 55. Re1 Ra3+ 56. Be3 Kh2
57. Kf4 c4 58. Kg5 Ra5+ 59. Kg6 c3 60. Rc1 Kg3 61. Bg5 Rc5
62. Kxh5 c2 63. Kg6 Kg4 64. Kf6 Rc6+ 65. Ke5 Kf3 66. Kd5 Rc8
67. Kd4 Ke2 68. Ke5 Kd3 69. h5 Rc5+ 70. Kf4 Rc4+ 71. Kf5 Rc5+
72. Kg4 Ke4 73. h6 Rc7 74. Re1+ Kd5 75. Bc1 Rd7 76. Re2 Rc7
77. Kh5 Kd4 78. Rd2+ Kc3 79. Rg2 Kd3 80. Rg7 Rc5+ 81. Rg5 Rc7
82. Rd5+ Ke4 83. Rd2 Kf5 84. Rg2 Kf6 85. Rf2+ Ke5 86. Kg6 Rc6+
87. Kg7 Rc7+ 88. Rf7 1-0

[Event "IMSA Elite Mind Games (Blitz)"]
[Site "Huai'an CHN"]
[Date "2016.03.01"]
[EventDate "2016.02.28"]
[Round "29.3"]
[Result "0-1"]
[White "Sergei Movsesian"]
[Black "Wang Hao"]
[WhiteElo "2653"]
[BlackElo "2717"]
[PlyCount "64"]

1. e4 e6 2. d4 d5 3. e5 c5 4. c3 Nc6 5. Nf3 Bd7 6. Be2 Nge7
7. Na3 cxd4 8. cxd4 Nf5 9. Nc2 Qb6 10. h4 Nb4 11. Nxb4 Qxb4+
12. Kf1 Bb5 13. h5 h6 14. g4 Bxe2+ 15. Kxe2 Ne7 16. Qd3 Nc6
17. Bd2 Qb6 18. b4 a6 19. Rhb1 Be7 20. a4 O-O 21. a5 Qd8
22. b5 axb5 23. Rxb5 Ra7 24. Kf1 Qd7 25. Kg2 f6 26. exf6 Bxf6
27. Re1 Kh8 28. g5 hxg5 29. Bxg5 e5 30. Bxf6 e4 31. Ne5 Nxe5
32. Qe2 Nf3 0-1

[Event "IMSA Elite Mind Games (Blitz)"]
[Site "Huai'an CHN"]
[Date "2016.03.01"]
[EventDate "2016.02.28"]
[Round "30.7"]
[Result "0-1"]
[White "Wang Hao"]
[Black "Radoslaw Wojtaszek"]
[WhiteElo "2717"]
[BlackElo "2727"]
[PlyCount "108"]

1. d4 Nf6 2. c4 e6 3. Nf3 b6 4. Nc3 Bb7 5. a3 d5 6. Bg5 Be7
7. e3 Nbd7 8. Qc2 dxc4 9. Bxc4 O-O 10. Rd1 h6 11. Bh4 Rc8
12. O-O c5 13. Ne5 Nxe5 14. dxe5 Nd7 15. Bg3 a6 16. Qd3 Nb8
17. Qc2 Qc7 18. Ne4 b5 19. Ba2 Bxe4 20. Qxe4 Qc6 21. Qg4 Rfd8
22. h4 Rxd1 23. Qxd1 Rd8 24. Qc2 Nd7 25. Bb1 Nf8 26. h5 Qd5
27. Rc1 c4 28. a4 Qd2 29. axb5 axb5 30. Kf1 Qb4 31. Ke2 Qc5
32. b3 Qd5 33. bxc4 bxc4 34. e4 Qd4 35. Qxc4 Qd2+ 36. Kf3 Qg5
37. Rh1 Qd2 38. Bf4 Qb2 39. g3 Nh7 40. Kg2 Ng5 41. Qc7 Qa3
42. Bxg5 hxg5 43. h6 g4 44. h7+ Kh8 45. Rc1 Kxh7 46. Rc3 Qb4
47. Rc4 Qa3 48. Rc3 Qb4 49. Rc4 Qxb1 50. Qxe7 Qd1 51. Qh4+ Kg6
52. Rc3 Rd2 53. Re3 Rc2 54. Qh2 Rc1 0-1

[Event "Chinese Chess League"]
[Site "CHN"]
[Date "2016.04.12"]
[EventDate "2016.04.12"]
[Round "1.3"]
[Result "0-1"]
[White "Yi Zhu"]
[Black "Wang Hao"]
[WhiteElo "2318"]
[BlackElo "2732"]
[PlyCount "82"]

1. d4 Nf6 2. c4 e6 3. Nf3 d5 4. Nc3 c6 5. Bg5 h6 6. Bxf6 Qxf6
7. e3 g6 8. Bd3 Bg7 9. e4 dxc4 10. e5 Qe7 11. Bxc4 O-O 12. O-O
Nd7 13. Qe2 b6 14. Rac1 Bb7 15. Ba6 Bxa6 16. Qxa6 c5 17. Qa3
Rae8 18. Nb5 cxd4 19. Qxe7 Rxe7 20. Nbxd4 Nb8 21. Rfe1 Rd7
22. g4 Rfd8 23. Kg2 Bf8 24. Re4 Rd5 25. Nc6 Nxc6 26. Rxc6 b5
27. a4 a5 28. b3 b4 29. Ra6 Rd3 30. Rxa5 Rxb3 31. Nd4 Rb2
32. Rb5 g5 33. a5 Ra2 34. Re2 Ra3 35. Nc6 Rc8 36. Rb6 Bc5
37. Rc2 Rc3 38. Rb2 Kg7 39. Na7 Ra8 40. Nb5 Bxb6 41. Nxc3 Bd4
0-1

[Event "Chinese Chess League"]
[Site "CHN"]
[Date "2016.04.13"]
[EventDate "2016.04.12"]
[Round "2.4"]
[Result "1-0"]
[White "Wang Hao"]
[Black "Wang Chen"]
[WhiteElo "2732"]
[BlackElo "2514"]
[PlyCount "103"]

1. e4 Nf6 2. e5 Nd5 3. d4 d6 4. Nf3 dxe5 5. Nxe5 c6 6. a3 Nd7
7. Nf3 N7f6 8. Be2 Bf5 9. O-O e6 10. c4 Nb6 11. Nh4 Be7
12. Nc3 O-O 13. Nxf5 exf5 14. Qd3 g6 15. Rd1 Qc7 16. g3 Rad8
17. Bf4 Qc8 18. b4 Rfe8 19. Bf3 c5 20. bxc5 Bxc5 21. Nb5 a6
22. Qb3 axb5 23. dxc5 Qxc5 24. Rxd8 Rxd8 25. Qxb5 Qxb5
26. cxb5 Nbd5 27. Bg5 Rd7 28. Bxf6 Nxf6 29. a4 b6 30. a5 bxa5
31. b6 Ne4 32. Rxa5 Rb7 33. Rb5 Kf8 34. g4 Rb8 35. Bxe4 fxe4
36. Kf1 Ke7 37. Ke2 Kd6 38. Ke3 Kc6 39. Rb2 f5 40. gxf5 gxf5
41. Kf4 Kb7 42. Kxf5 Re8 43. Kf4 Re6 44. h4 Rh6 45. Kxe4 Rxh4+
46. f4 h5 47. Ke5 Rh1 48. f5 h4 49. f6 Rf1 50. Rh2 Kxb6
51. Rxh4 Kc7 52. Rd4 1-0

[Event "Chinese Chess League"]
[Site "CHN"]
[Date "2016.04.14"]
[EventDate "2016.04.12"]
[Round "3.4"]
[Result "1/2-1/2"]
[White "Zhou Jianchao"]
[Black "Wang Hao"]
[WhiteElo "2612"]
[BlackElo "2732"]
[PlyCount "66"]

1. d4 d5 2. c4 e6 3. Nc3 Nf6 4. cxd5 exd5 5. Bg5 c6 6. e3 Bf5
7. Qf3 Bg6 8. Bxf6 Qxf6 9. Qxf6 gxf6 10. Nf3 Nd7 11. Nh4 Be7
12. g3 Nb6 13. f4 f5 14. Bd3 Bxh4 15. gxh4 Nc8 16. Be2 f6
17. b4 a6 18. a4 Nd6 19. a5 Ke7 20. Rg1 Rag8 21. Kf2 Bf7
22. Rxg8 Rxg8 23. Rg1 Ne4+ 24. Nxe4 Rxg1 25. Kxg1 fxe4 26. Kf2
f5 27. h5 Kf6 28. Kg3 h6 29. Kf2 Ke7 30. Ke1 Kd6 31. Kd2 Kc7
32. Kc3 b6 33. Kd2 b5 1/2-1/2

[Event "Chinese Chess League"]
[Site "CHN"]
[Date "2016.04.15"]
[EventDate "2016.04.12"]
[Round "4.3"]
[Result "1-0"]
[White "Wang Hao"]
[Black "Yan Fang"]
[WhiteElo "2732"]
[BlackElo "2364"]
[PlyCount "59"]

1. d4 Nf6 2. c4 d6 3. Nc3 e5 4. Nf3 Nbd7 5. e4 Be7 6. Be2 O-O
7. O-O c6 8. Qc2 Qc7 9. Be3 exd4 10. Nxd4 Re8 11. Rad1 Bf8
12. f3 a6 13. Rfe1 b5 14. cxb5 cxb5 15. a3 Bb7 16. Qd2 d5
17. exd5 Nxd5 18. Nxd5 Bxd5 19. Nf5 Be6 20. Rc1 Qb7 21. Nd6
Bxd6 22. Qxd6 Rac8 23. Bd4 Qd5 24. Qf4 Bf5 25. Rcd1 Bc2
26. Rd2 Qf5 27. Qxf5 Bxf5 28. Kf2 Nc5 29. Bxc5 Rxc5 30. Bxb5
1-0

[Event "Eurasian Blitz Chess Cup"]
[Site "Almaty KAZ"]
[Date "2016.06.18"]
[EventDate "2016.06.18"]
[Round "1.6"]
[Result "0-1"]
[White "Evgeni Egorov"]
[Black "Wang Hao"]
[WhiteElo "2387"]
[BlackElo "2734"]
[PlyCount "63"]

1. Nc3 d5 2. e4 dxe4 3. Nxe4 Nd7 4. Bc4 Ndf6 5. Ng5 e6 6. d4
h6 7. N5f3 Bd6 8. Ne2 Ne7 9. O-O b6 10. Bb5+ c6 11. Bd3 Bb7
12. Ng3 Qc7 13. Re1 O-O 14. Ne5 c5 15. Ng4 Ned5 16. Nxh6+ gxh6
17. Bxh6 c4 18. Bxf8 Bxf8 19. Bf1 Rc8 20. c3 Qf4 21. Qc1 Qh4
22. h3 Bd6 23. Qd2 Bxg3 24. fxg3 Qxg3 25. Qf2 Qxf2+ 26. Kxf2
b5 27. g4 b4 28. Rac1 bxc3 29. bxc3 Ba6 30. Kg3 Rb8 31. Rb1
Ne4+ 32. Kh4 0-1

[Event "Eurasian Blitz Chess Cup"]
[Site "Almaty KAZ"]
[Date "2016.06.18"]
[EventDate "2016.06.18"]
[Round "3.4"]
[Result "1-0"]
[White "Wang Hao"]
[Black "Laurent Fressinet"]
[WhiteElo "2734"]
[BlackElo "2687"]
[PlyCount "91"]

1. d4 Nf6 2. c4 e6 3. Nf3 d5 4. Nc3 Be7 5. g3 O-O 6. Bg2 dxc4
7. Ne5 c5 8. dxc5 Qxd1+ 9. Nxd1 Bxc5 10. Nxc4 Nc6 11. Be3 Bb4+
12. Nc3 Nd5 13. Bd2 Nxc3 14. bxc3 Be7 15. Rb1 Rd8 16. O-O Bf6
17. Rfd1 h6 18. a4 e5 19. Be3 Be6 20. Nd6 Na5 21. Nxb7 Nxb7
22. Bxb7 Rxd1+ 23. Rxd1 Rb8 24. Bd5 Rd8 25. c4 a6 26. Bb6 Rd7
27. e4 Bg4 28. Rc1 Bg5 29. Be3 Bxe3 30. fxe3 Rc7 31. c5 Kf8
32. Kf2 Ke7 33. Ke1 Bd7 34. a5 Bb5 35. Kd2 f6 36. Rc3 Rc8
37. Kc1 Rc7 38. Kb2 Kd7 39. Ka3 Ke7 40. Kb4 Kd7 41. Rc2 Ke7
42. h4 Rc8 43. Bb7 Rc7 44. c6 Kd6 45. Rd2+ Ke7 46. Kc5 1-0

[Event "Eurasian Blitz Chess Cup"]
[Site "Almaty KAZ"]
[Date "2016.06.18"]
[EventDate "2016.06.18"]
[Round "6.1"]
[Result "1-0"]
[White "Wang Hao"]
[Black "Igor Viktorovich Kovalenko"]
[WhiteElo "2734"]
[BlackElo "2668"]
[PlyCount "60"]

1. d4 Nf6 2. c4 e6 3. Nf3 b6 4. g3 Ba6 5. b3 d5 6. Bg2 Bb4+
7. Bd2 Bxd2+ 8. Qxd2 O-O 9. O-O Nbd7 10. cxd5 Ne4 11. Qb2 exd5
12. Rc1 Re8 13. e3 c5 14. Nc3 Ndf6 15. Nxe4 dxe4 16. Ne5 Qd5
17. Qa3 Be2 18. Qb2 Ba6 19. b4 cxd4 20. exd4 Rad8 21. Rc7 Qxd4
22. Qxd4 Rxd4 23. Nc6 Rd2 24. a4 Bd3 25. Rxa7 Ng4 26. Ne7+ Kf8
27. Nf5 Rd8 28. Rc1 g6 29. Ne3 Nxe3 30. fxe3 Rd6 1-0

[Event "Eurasian Blitz Chess Cup"]
[Site "Almaty KAZ"]
[Date "2016.06.18"]
[EventDate "2016.06.18"]
[Round "7.1"]
[Result "0-1"]
[White "Wang Hao"]
[Black "Shakhriyar Mamedyarov"]
[WhiteElo "2734"]
[BlackElo "2746"]
[PlyCount "110"]

1. d4 d6 2. e4 Nf6 3. Nc3 g6 4. Nf3 Bg7 5. Be2 O-O 6. O-O Nc6
7. d5 Nb8 8. Be3 c6 9. a4 a5 10. h3 Na6 11. dxc6 bxc6 12. e5
Ne8 13. exd6 Qxd6 14. Qc1 Nb4 15. Rd1 Qc7 16. Bh6 Nf6 17. Bc4
e5 18. Bxg7 Kxg7 19. Re1 Re8 20. Ng5 Nfd5 21. Nce4 f6 22. Nf3
Nf4 23. Bf1 Bf5 24. Ra3 Rad8 25. Rc3 Na2 26. Qe3 Bxe4 27. Qxe4
Nxc3 28. bxc3 Qd6 29. g3 Nd5 30. Qc4 Rb8 31. h4 h5 32. Kg2 Nb6
33. Qa6 Nxa4 34. Qxa5 Ra8 35. Qb4 Qxb4 36. cxb4 Nc3 37. Re3
Nd5 38. Rb3 e4 39. Nd4 Ra2 40. Bc4 Nb6 41. Bf1 f5 42. Kg1 Nd5
43. c4 Ne7 44. b5 cxb5 45. cxb5 Rd2 46. Ne6+ Kf6 47. Nc7 Rb8
48. b6 Rd6 49. b7 Rd7 50. Rb6+ Ke5 51. Re6+ Kd4 52. Nb5+ Kc5
53. Re5+ Nd5 54. Nc3 Kd4 55. Rxd5+ Rxd5 0-1

[Event "Eurasian Blitz Chess Cup"]
[Site "Almaty KAZ"]
[Date "2016.06.18"]
[EventDate "2016.06.18"]
[Round "8.1"]
[Result "1-0"]
[White "Shakhriyar Mamedyarov"]
[Black "Wang Hao"]
[WhiteElo "2746"]
[BlackElo "2734"]
[PlyCount "87"]

1. d4 Nf6 2. Nf3 d5 3. Bf4 c6 4. e3 Bg4 5. c4 Bxf3 6. Qxf3 e6
7. Nc3 Bb4 8. Bd3 O-O 9. O-O Nbd7 10. a3 Ba5 11. Rac1 Rc8
12. Qh3 dxc4 13. Bxc4 Bc7 14. Bg5 h6 15. Bh4 Bd6 16. Rcd1 Qc7
17. e4 e5 18. dxe5 Bxe5 19. Ba2 Rce8 20. Rfe1 Nc5 21. Bg3 Bxg3
22. Qxg3 Qxg3 23. hxg3 Nfxe4 24. Nxe4 Rxe4 25. Rxe4 Nxe4
26. Rd7 Nc5 27. Re7 a5 28. b4 axb4 29. axb4 Na6 30. Rxb7 Kh8
31. Bc4 Ra8 32. Bxf7 Rb8 33. Rxb8+ Nxb8 34. Bc4 g5 35. f4 Kg7
36. Kf2 Kf6 37. Kf3 Nd7 38. Kg4 Nb6 39. Bb3 Kg6 40. Bc2+ Kf6
41. Be4 Nc4 42. Bxc6 Ne3+ 43. Kf3 Nc2 44. b5 1-0

[Event "Eurasian Blitz Chess Cup"]
[Site "Almaty KAZ"]
[Date "2016.06.18"]
[EventDate "2016.06.18"]
[Round "9.5"]
[Result "0-1"]
[White "Rustam Khusnutdinov"]
[Black "Wang Hao"]
[WhiteElo "2476"]
[BlackElo "2734"]
[PlyCount "70"]

1. Nc3 Nf6 2. e4 e5 3. g3 d5 4. exd5 Nxd5 5. Bg2 Nf6 6. Nge2
Nc6 7. O-O Bc5 8. d3 O-O 9. Be3 Bb6 10. Qd2 Re8 11. Rae1 h6
12. h3 Nd4 13. Kh2 Nf5 14. a3 c6 15. Bxb6 axb6 16. Qc1 Nd4
17. f4 exf4 18. Nxf4 Rxe1 19. Rxe1 Ra5 20. Nce2 Nf5 21. Ng1
Nd4 22. c3 Ne6 23. d4 Nxf4 24. Qxf4 Be6 25. Nf3 Rf5 26. Qd2
Rh5 27. h4 Bd5 28. Kg1 Rf5 29. Ne5 Bxg2 30. Qxg2 h5 31. Qc2 g6
32. Qb3 Nd5 33. Rf1 Rxf1+ 34. Kxf1 Qf6+ 35. Kg1 Ne3 0-1

[Event "Eurasian Blitz Chess Cup"]
[Site "Almaty KAZ"]
[Date "2016.06.18"]
[EventDate "2016.06.18"]
[Round "10.5"]
[Result "1-0"]
[White "Wang Hao"]
[Black "Rustam Khusnutdinov"]
[WhiteElo "2734"]
[BlackElo "2476"]
[PlyCount "131"]

1. d4 Nf6 2. c4 b6 3. Nf3 Bb7 4. Nc3 e6 5. a3 g6 6. Qc2 Bxf3
7. gxf3 Bg7 8. f4 Nc6 9. e3 Ne7 10. Bg2 d5 11. cxd5 exd5
12. Bd2 O-O 13. Ne2 Nf5 14. Rc1 Nh4 15. O-O Nxg2 16. Kxg2 Rc8
17. Qa4 Ne4 18. Rfd1 c5 19. Bc3 Qe7 20. Ng3 Rfd8 21. Qa6 h5
22. Qe2 f5 23. Nxe4 fxe4 24. dxc5 bxc5 25. Bxg7 Kxg7 26. b4 c4
27. Rd4 Qe6 28. h3 Kh6 29. Kh2 Rg8 30. Qd2 Rgd8 31. b5 g5
32. fxg5+ Kxg5 33. f4+ exf3 34. e4+ Kg6 35. Rg1+ Kh7 36. Qg5
Qf7 37. Rxd5 Rxd5 38. Qxd5 Qxd5 39. exd5 Rc5 40. Rc1 Rxd5
41. Rxc4 Rxb5 42. Kg3 Rf5 43. Kf2 a5 44. Rc6 h4 45. Rc4 Kg6
46. Rxh4 Rb5 47. a4 Rb3 48. Rf4 Rb4 49. Kxf3 Rb1 50. h4 Rb3+
51. Ke4 Rb4+ 52. Ke5 Rb3 53. Rc4 Rb6 54. Kd5 Rb1 55. Rc5 Rb4
56. Rc4 Rb3 57. Kc6 Kh5 58. Rc5+ Kxh4 59. Rxa5 Kg4 60. Rb5 Ra3
61. a5 Kf4 62. Kb7 Re3 63. a6 Re7+ 64. Kb6 Re6+ 65. Ka5 Re1
66. a7 1-0

[Event "Eurasian Blitz Chess Cup"]
[Site "Almaty KAZ"]
[Date "2016.06.18"]
[EventDate "2016.06.18"]
[Round "11.2"]
[Result "1/2-1/2"]
[White "Wang Hao"]
[Black "Peter Svidler"]
[WhiteElo "2734"]
[BlackElo "2759"]
[PlyCount "93"]

1. d4 d6 2. Nf3 Nf6 3. c4 g6 4. Nc3 Bf5 5. Qb3 Qc8 6. Nh4 Bd7
7. e4 Nc6 8. Nf3 e5 9. d5 Nd4 10. Qd1 Bg4 11. Be3 Bxf3
12. gxf3 Bg7 13. f4 O-O 14. fxe5 dxe5 15. Be2 c5 16. Qd2 Ne8
17. O-O-O Nd6 18. h4 Qd7 19. h5 a6 20. Rdg1 b5 21. f3 Rab8
22. Kb1 Rb6 23. Bh6 Nxc4 24. Bxc4 bxc4 25. Bxg7 Kxg7 26. hxg6
fxg6 27. Qh6+ Kg8 28. d6 Rxd6 29. Nd5 Nxf3 30. Rd1 Nd4
31. Rdg1 Qf7 32. a3 Ne2 33. Rg5 Nf4 34. Rxe5 Nxd5 35. exd5 c3
36. bxc3 Qb7+ 37. Kc2 Rb8 38. Qh3 Qb3+ 39. Kc1 Qb1+ 40. Kd2
Qb2+ 41. Kd3 c4+ 42. Kd4 Qf2+ 43. Qe3 Qf7 44. Qe4 Qf2+ 45. Qe3
Qf7 46. Qe4 Qf2+ 47. Qe3 1/2-1/2

[Event "Eurasian Blitz Chess Cup"]
[Site "Almaty KAZ"]
[Date "2016.06.18"]
[EventDate "2016.06.18"]
[Round "12.2"]
[Result "1-0"]
[White "Peter Svidler"]
[Black "Wang Hao"]
[WhiteElo "2759"]
[BlackElo "2734"]
[PlyCount "95"]

1. c4 e5 2. g3 Nf6 3. Bg2 c6 4. Nf3 e4 5. Nd4 d5 6. cxd5 Qxd5
7. Nc2 Qh5 8. h3 Nbd7 9. Nc3 Qg6 10. Ne3 Bc5 11. Qc2 Bxe3
12. dxe3 Nc5 13. b4 Na6 14. Rb1 Bf5 15. b5 cxb5 16. Nxb5 O-O
17. Nd6 b6 18. Ba3 Rfd8 19. O-O Be6 20. Rfd1 Qh5 21. g4 Qa5
22. Bb2 Nb4 23. Qc3 Nxa2 24. Qxa5 bxa5 25. g5 Nd5 26. Nxe4
Rac8 27. Ra1 Nb6 28. Bd4 a4 29. Nc5 Bb3 30. Rdb1 Bc4 31. Rb2
Rxc5 32. Bxc5 Nc3 33. Bf3 Bb3 34. Bd4 Nb5 35. Bxb6 axb6
36. Rc1 g6 37. Kg2 Kg7 38. Be4 Nd6 39. Rd2 a3 40. Bb1 Ba4
41. Rd3 b5 42. Rxa3 Nb7 43. Bd3 Rd5 44. h4 Nc5 45. e4 Nxd3
46. Rxd3 Re5 47. f3 b4 48. Rd4 1-0

[Event "Eurasian Blitz Chess Cup"]
[Site "Almaty KAZ"]
[Date "2016.06.18"]
[EventDate "2016.06.18"]
[Round "13.6"]
[Result "1/2-1/2"]
[White "Wang Hao"]
[Black "Vladislav Artemiev"]
[WhiteElo "2734"]
[BlackElo "2653"]
[PlyCount "112"]

1. d4 d5 2. c4 c6 3. Nf3 Nf6 4. e3 g6 5. Nc3 Bg7 6. Be2 O-O
7. O-O Bg4 8. cxd5 cxd5 9. Qb3 b6 10. h3 Bc8 11. Bd2 Nc6
12. Rfc1 Bb7 13. Qa4 e6 14. Ba6 Bxa6 15. Qxa6 Qd7 16. Ne2 Rfc8
17. Nf4 Ne4 18. Be1 e5 19. dxe5 Nxe5 20. Rxc8+ Qxc8 21. Qxc8+
Rxc8 22. Nxd5 Rc2 23. Nd4 Rxb2 24. Nc3 Nd2 25. Bxd2 Rxd2
26. Ne4 Rb2 27. Rc1 h6 28. Rc8+ Kh7 29. Rc7 Rxa2 30. f4 Nd3
31. Rxf7 Kg8 32. Rd7 Ra4 33. Ne6 Rxe4 34. Rxg7+ Kh8 35. Rxg6
Rxe3 36. Rxh6+ Kg8 37. f5 a5 38. Rg6+ Kh8 39. f6 Ne5 40. Rg7
Re1+ 41. Kh2 Rf1 42. Ra7 Rxf6 43. Ng5 Kg8 44. g4 Rg6 45. Ne4
Rc6 46. Kg3 Ng6 47. h4 Re6 48. Ng5 Re3+ 49. Kf2 Rb3 50. h5 Ne5
51. Ne6 Nxg4+ 52. Kg2 Kh8 53. Ng5 Kg8 54. Ne6 Kh8 55. Ng5 Kg8
56. Ne6 Kh8 1/2-1/2

[Event "Eurasian Blitz Chess Cup"]
[Site "Almaty KAZ"]
[Date "2016.06.18"]
[EventDate "2016.06.18"]
[Round "14.6"]
[Result "1-0"]
[White "Vladislav Artemiev"]
[Black "Wang Hao"]
[WhiteElo "2653"]
[BlackElo "2734"]
[PlyCount "97"]

1. Nf3 d5 2. g3 Bg4 3. Bg2 e6 4. c4 Nf6 5. Qb3 Bxf3 6. Bxf3 b6
7. Nc3 c6 8. d4 Be7 9. O-O O-O 10. Rd1 Nbd7 11. Bf4 Qc8 12. e4
dxe4 13. Nxe4 Nxe4 14. Bxe4 Nf6 15. Bf3 Qd7 16. a4 Rac8 17. a5
b5 18. cxb5 cxb5 19. d5 exd5 20. Bxd5 Bc5 21. Bf3 Qf5 22. Kg2
g5 23. Be3 Bxe3 24. Qxe3 Rc2 25. Rd2 Re8 26. Qd3 Qxd3 27. Rxd3
g4 28. Bb7 Rxb2 29. Rd6 Kg7 30. Ra6 Re7 31. Rxa7 Nd5 32. a6
Nb6 33. Rd1 h5 34. h3 gxh3+ 35. Kxh3 Rxf2 36. Rd6 Rf6 37. Rd4
Rg6 38. Rd3 Rc7 39. Rb3 Nd5 40. Rxb5 Nc3 41. Rb2 h4 42. Kxh4
Ne4 43. Bxe4 Rxa7 44. Bxg6 Kxg6 45. Rb6+ Kf5 46. Rb5+ Ke4
47. Ra5 f5 48. Kg5 Kf3 49. Kxf5 1-0

[Event "Eurasian Blitz Chess Cup"]
[Site "Almaty KAZ"]
[Date "2016.06.19"]
[EventDate "2016.06.18"]
[Round "15.8"]
[Result "0-1"]
[White "Wang Hao"]
[Black "Murtas Muratovich Kazhgaleyev"]
[WhiteElo "2734"]
[BlackElo "2582"]
[PlyCount "118"]

1. d4 Nf6 2. c4 e6 3. Nc3 Bb4 4. e3 O-O 5. Bd3 d5 6. Nf3 c5
7. O-O Nc6 8. cxd5 exd5 9. dxc5 Bxc5 10. h3 a6 11. b3 Be6
12. Bb2 Qe7 13. Rc1 Rac8 14. Ne2 Bd6 15. Ned4 Nxd4 16. Nxd4
Rxc1 17. Qxc1 Rc8 18. Qd1 Ba3 19. Qe2 Bxb2 20. Qxb2 Qc7
21. Qe2 Bd7 22. Rd1 g6 23. Qf3 Kg7 24. Ne2 Qa5 25. Bb1 Qa3
26. Qf4 Qb2 27. Bd3 Qxa2 28. Qd4 Qxb3 29. Rb1 Qa4 30. Qxa4
Bxa4 31. Rxb7 Ra8 32. Nd4 Bd7 33. g4 h6 34. f4 Bc8 35. Rc7 a5
36. Bb5 Rb8 37. Ra7 Ne4 38. Rxa5 h5 39. gxh5 gxh5 40. Kg2 Kf6
41. Ra7 Nd6 42. Be2 Rb2 43. Rc7 Be6 44. Kg3 Nf5+ 45. Nxf5 Rxe2
46. Nd6 Rxe3+ 47. Kf2 Rxh3 48. f5 Bxf5 49. Rxf7+ Ke6 50. Rxf5
Kxd6 51. Kg2 Rh4 52. Kg3 Re4 53. Rxh5 Kc5 54. Kf3 Re8 55. Rh1
d4 56. Rc1+ Kd5 57. Rc7 d3 58. Kf2 Kd4 59. Kf3 d2 0-1

[Event "Eurasian Blitz Chess Cup"]
[Site "Almaty KAZ"]
[Date "2016.06.19"]
[EventDate "2016.06.18"]
[Round "16.8"]
[Result "0-1"]
[White "Murtas Muratovich Kazhgaleyev"]
[Black "Wang Hao"]
[WhiteElo "2582"]
[BlackElo "2734"]
[PlyCount "57"]

1. d4 d6 2. Nf3 Nf6 3. c4 g6 4. Nc3 Bf5 5. Qb3 Qc8 6. h3 Bg7
7. g4 Bd7 8. e4 O-O 9. Be3 c5 10. dxc5 dxc5 11. e5 Ne8 12. Nd5
Nc6 13. Bxc5 Nc7 14. Bxe7 Nxd5 15. Bxf8 Bxf8 16. cxd5 Nb4
17. Bd3 a5 18. O-O Bxg4 19. Rfc1 Qd7 20. e6 Qd6 21. hxg4 Qf4
22. exf7+ Kh8 23. Bf1 Qxf7 24. d6 Qf4 25. Qe6 Bxd6 26. Rc4
Qxf3 27. Qxd6 Rf8 28. Qd4+ Kg8 29. Rc3 0-1

[Event "Eurasian Blitz Chess Cup"]
[Site "Almaty KAZ"]
[Date "2016.06.19"]
[EventDate "2016.06.18"]
[Round "17.4"]
[Result "1-0"]
[White "Ian Nepomniachtchi"]
[Black "Wang Hao"]
[WhiteElo "2719"]
[BlackElo "2734"]
[PlyCount "61"]

1. e4 e5 2. Nf3 Nf6 3. Nxe5 d6 4. Nf3 Nxe4 5. c4 Be7 6. d4 O-O
7. Bd3 d5 8. O-O Nf6 9. Nc3 dxc4 10. Bxc4 Bg4 11. h3 Bxf3
12. Qxf3 Nc6 13. Rd1 Nxd4 14. Qxb7 c5 15. Bf4 Qd7 16. Qxd7
Nxd7 17. Nd5 Bd8 18. Bd6 Re8 19. Re1 Re6 20. Ne7+ Bxe7
21. Bxe6 Bxd6 22. Bxd7 Nc2 23. Red1 Nxa1 24. Rxd6 Rd8 25. Rc6
g6 26. Rc7 Nc2 27. Rxa7 Nb4 28. a4 Nd3 29. a5 Nxb2 30. a6 c4
31. Rc7 1-0

[Event "Eurasian Blitz Chess Cup"]
[Site "Almaty KAZ"]
[Date "2016.06.19"]
[EventDate "2016.06.18"]
[Round "18.4"]
[Result "1/2-1/2"]
[White "Wang Hao"]
[Black "Ian Nepomniachtchi"]
[WhiteElo "2734"]
[BlackElo "2719"]
[PlyCount "92"]

1. d4 Nf6 2. c4 g6 3. g3 Bg7 4. Bg2 c6 5. e3 d5 6. Ne2 dxc4
7. Na3 Be6 8. Qc2 Na6 9. Bd2 Nd5 10. Nxc4 Ndb4 11. Bxb4 Nxb4
12. Qc3 Nd5 13. Qd2 O-O 14. O-O Rc8 15. b4 b6 16. Rac1 c5
17. bxc5 bxc5 18. e4 Nb6 19. d5 Bd7 20. Ne3 Bb5 21. Rfe1 e6
22. Nc3 Ba6 23. Red1 Bd4 24. Ne2 Bxe2 25. Qxe2 exd5 26. Nxd5
Nxd5 27. exd5 Re8 28. Qc4 Qf6 29. Rc2 Rb8 30. Qd3 Re5 31. Bf3
h5 32. h4 Rbe8 33. Kg2 Rf5 34. Re2 Rfe5 35. Rxe5 Rxe5 36. Rb1
Kg7 37. Rb3 Re1 38. Rb1 Rxb1 39. Qxb1 c4 40. Qb4 c3 41. d6 c2
42. Qd2 Bxf2 43. Qxc2 Bb6 44. Qd2 Qd4 45. Qxd4+ Bxd4 46. Bd5
f5 1/2-1/2